| 000 | 00700cam a2200241 4500500 | ||
|---|---|---|---|
| 005 | 20260405002116.0 | ||
| 041 | _afre | ||
| 042 | _adc | ||
| 100 | 1 | 0 |
_aBrenders, Pauline _eauthor |
| 245 | 0 | 0 | _aMatière à penser / décembre 2015 – janvier 2016 |
| 260 | _c2015. | ||
| 500 | _a47 | ||
| 690 | _aAi Weiwei | ||
| 690 | _aAltruisme | ||
| 690 | _aAppiah | ||
| 690 | _aKlimt | ||
| 690 | _aNassim Nicholas Taleb | ||
| 690 | _aphilo | ||
| 690 | _aphilosophie | ||
| 690 | _aReligion | ||
| 786 | 0 | _nPhilosophie magazine | 95 | 12-1 | 2015-12-01 | p. 13-14 | 1951-1787 | |
| 856 | 4 | 1 | _uhttps://shs.cairn.info/magazine-philosophie-magazine-2015-12-1-page-13?lang=fr&redirect-ssocas=7080 |
| 999 |
_c2054319 _d2054319 |
||